| 000 | 00427cam a2200181ua 4500 | ||
|---|---|---|---|
| 020 | _c1.50 | ||
| 041 |
_amal _h |
||
| 082 |
_a894.8121 _bBHA/PB |
||
| 100 | _aBhaskaran, P . | ||
| 245 |
_aP Bhaskarante Ganangal / _cP Bhaskaran. _hTextual Documents |
||
| 250 |
_a1 / _b. |
||
| 260 |
_aThrissur : _bCurrent Books , _c1962. |
||
| 300 | _a129 ; . | ||
| 365 | _a1.50 | ||
| 504 | _a | ||
| 942 | _cBK | ||
| 999 |
_c3821 _d3821 |
||